10 najwyższych wodospadów świata. - Statystyki

Ogólne statystyki
  • Ten quiz został rozwiązany 8 razy
  • Średni wynik to 2 z 10
Statystyki odpowiedzi
Miejsce Kraj Wysokość (m) Wodospad % Poprawnych
1 Wenezuela 979 Santo Angel
100%
6 Norwegia 840 Kjelfossen
33%
3 Peru 914 Cataratas las Tres Hermanas
17%
10 USA 739 Yosemite
17%
8 Norwegia 773 Mongefossen
17%
2 RPA 948 Tugela
17%
5 Peru 896 Catarata Yumbilla
0%
7 Norwegia 808 Ramnefjellsfossen
0%
9 Peru 771 Gocta
0%
4 USA 900 Olo'upena
0%
Nie znaleziono quizów pasujących do podanych kryteriów
Rozkład punktacji
Procent ludzi z każdym wynikiem
Percentyl według liczby udzielonych odpowiedzi
Twoja historia wyników
Nie rozwiązałeś tego quizu